00722nam a2200181 a 450000500170000000800410001704000250005804100080008304400080009108200190009910000220011824501920014026000420033230000320037465000350040665000350044165000640047620160113104343.0140312b1987 wau||||| |||| 00| 0 eng d aCO-BoIAVHcCO-BoIAVH aspa axxu04a333.9522bB91c1 aBraütigam, Amie10aCITES: un instrumento para la conservación buna guía para enmendar los apéndices a la convención sobre el comercio internacional de especies amenazadas de fauna y flora silvestre aWashington D.C.:bIUCN :bSSC,c1987. a96 páginas ;c28 x 22 cm. 6aFaunavGuíasxConservación 6aFloravGuíasxConservación 6aEspecies en peligro de extinciónvGuíasxConservación